Obchodno-podnikateľské služby v nových členských krajinách EÚ s osobitným zreteľom na Slovensko bakalárska práca

Guardado en:
Detalles Bibliográficos
Autor principal: Urbanovský, Lukáš
Autor Corporativo: Obchodná fakulta EU. Katedra služieb a cestovného ruchu - zrušené
Otros Autores: Krošláková, Monika, 1975-
Formato: Libro
Lenguaje:eslovaco
Publicado: Bratislava 2016
Etiquetas: Agregar Etiqueta
Sin Etiquetas, Sea el primero en etiquetar este registro!

MARC

LEADER 00000nbm a2200000 4500
001 0218679
005 20190128121817.8
041 0 |a slo 
044 |a SK 
245 1 0 |a Obchodno-podnikateľské služby v nových členských krajinách EÚ s osobitným zreteľom na Slovensko  |b bakalárska práca  |c Lukáš Urbanovský ; školiteľ: Monika Krošláková 
264 1 |a Bratislava  |c 2016 
300 |a 59 s. 
100 1 |a Urbanovský, Lukáš 
700 1 |a Krošláková, Monika, 1975- 
710 2 |a Obchodná fakulta EU. Katedra služieb a cestovného ruchu - zrušené